000 00707nam a2200277Ia 4500
001 39508
005 20240114002055.0
007 ta
008 070825s1906 g b000 u 465 u
040 _aCotton College,Assam
041 _a465
082 _a297
_bKl 67 Re
100 _aKlein, F.A. .
245 0 _aThe Religion of Islam /
_cF.A.Klein.
_hTextual Documents
250 _a1st ed. /
260 _aNew Delhi :
_bCosmo Publications ,
_c1906.
300 _a241p. ;
_c22cm.
653 _aReligion-Islam
653 _aIslamic Religion
653 _aG-Arabic & Persian
653 _aMS-Arabic
942 _2ddc
_cBK
999 _c39480
_d39480